До історії українців у Британській Колюмбії (Запис № 425038)

МАРК-запис
000 -LEADER
fixed length control field 00843nam a22002537a 4500
001 - CONTROL NUMBER
control field 44936
003 - CONTROL NUMBER IDENTIFIER
control field UA-OsUOA
005 - DATE AND TIME OF LATEST TRANSACTION
control field 20210711123435.0
007 - PHYSICAL DESCRIPTION FIXED FIELD--GENERAL INFORMATION
fixed length control field ta
008 - FIXED-LENGTH DATA ELEMENTS--GENERAL INFORMATION
fixed length control field 20110713b un ||||| |||| 00| 0 ukr d
040 ## - CATALOGING SOURCE
Original cataloging agency UA-OsUOA
Language of cataloging ukr
Transcribing agency UA-OsUOA
Modifying agency UA-OsUOA
041 ## - LANGUAGE CODE
Language code of text/sound track or separate title ukr
080 ## - UNIVERSAL DECIMAL CLASSIFICATION NUMBER
Universal Decimal Classification number 94(477). 152 (К)
090 ## - LOCALLY ASSIGNED LC-TYPE CALL NUMBER (OCLC); LOCAL CALL NUMBER (OCLC)
Classification number (OCLC) (R) ; Classification number, CALL (RLIN) (NR) 94(477). 152 (К)
Local cutter number (OCLC) ; Book number/undivided call number, CALL (RLIN) В65
100 ## - MAIN ENTRY--PERSONAL NAME
Personal name Войценко О.
245 ## - TITLE STATEMENT
Title До історії українців у Британській Колюмбії
260 ## - PUBLICATION, DISTRIBUTION, ETC. (IMPRINT)
Place of publication, distribution, etc Вінніпег; Манітоба
Date of publication, distribution, etc 1972
Name of publisher, distributor, etc УВАН
300 ## - PHYSICAL DESCRIPTION
Extent 46 с.
650 #7 - SUBJECT ADDED ENTRY--TOPICAL TERM
Topical term or geographic name as entry element 9 Географія. Біографії. Історія
Source of heading or term UDC
942 ## - ADDED ENTRY ELEMENTS (KOHA)
Koha item type Брошура
Source of classification or shelving scheme Universal Decimal Classification
955 ## - COPY-LEVEL INFORMATION (RLIN)
Classification number, CCAL (RLIN) Наукові видання
Фонди
Withdrawn status Lost status Source of classification or shelving scheme Damaged status Not for loan Collection code Home library Current library Date acquired Source of acquisition Cost, normal purchase price Inventory number Total Checkouts Full call number Barcode Date last seen Price effective from Koha item type
    Universal Decimal Classification     Колекція Української вільної академії наук у Канаді Наукова бібліотека ІДУД Наукова бібліотека ІДУД 13/07/2011 222/2010 1.00 2131882   94(477). 152 (К) В65 2131882 14/09/2019 13/07/2011 Брошура
    Universal Decimal Classification     Колекція Української вільної академії наук у Канаді Наукова бібліотека ІДУД Наукова бібліотека ІДУД 01/12/2006 4/2006 1.00 2126205   94(477).152 В65 2126205 15/09/2019 01/12/2006 Періодичні видання
    Universal Decimal Classification     Колекція Української вільної академії наук у Канаді Наукова бібліотека ІДУД Наукова бібліотека ІДУД 01/12/2006 3/2006 1.00 2126206   94(477).152 В65 2126206 15/09/2019 01/12/2006 Періодичні видання